000 00242nam a2200097Ia 4500
001 683060
005 20250826161430.0
008 250824s9999 xx 000 0 und d
245 0 _aGÖLGESİZLER
_cHASAN ALİ TOPTAŞ
260 _bEVEREST YAYINLARI
999 _c683060
_d683060